000 00930cam a2200217 i 4500
005 20260122084641.0
008 250721s2024 ua gr 000 0 ara d
020 _a9789778414219
082 1 4 _a344.042
_bي و س
100 1 _aيوسف، اعتدال عبدالباقي
_eمؤلف.
245 1 2 _aالوضع القانوني لمصانع الادوية :
_bدراسة مقارنة /
_cالاستاذ المساعد اعتدال عبد الباقي يوسف، الباحث حسام فاضل عبد الوهاب.
250 _aالطبعة الاولى.
264 3 1 _aالقاهرة :
_bالمركز العربي للنشر،
_c2024.
300 _a282 صفحة.
650 1 7 _aقانون الصحة العامة.
650 1 7 _aمراقبة الانتاج.
650 1 7 _aمصانع الادوية.
700 1 _aعبد الوهاب، حسام فاضل
_eمؤلف.
942 _2ddc
_cBK
999 _c246936
_d246936